Guatemala 2000: un edificio de cinco pisos, introducción a un análisis de estratificación social /
Uloženo v:
| Médium: | Text |
|---|---|
| Tagy: |
Přidat tag
Žádné tagy, Buďte první, kdo vytvoří štítek k tomuto záznamu!
|
MARC
| LEADER | 00000 a a2200000 04500 | ||
|---|---|---|---|
| 001 | 43026 | ||
| 003 | |||
| 040 | |||
| 100 | |t orres-Rivas, Edelberto | ||
| 245 | |a Guatemala 2000: |b un edificio de cinco pisos, introducción a un análisis de estratificación social / |c Edelberto Torres-Rivas | ||
| 500 | |a fecha de publicación 23 de septiembre 2008 | ||
| 773 | |g número12 ( , 2008), 4 páginas | ||
| 999 | |c 29716 |d 29716 | ||
